Statistics for Find the song

Click here to take the quiz!

General Stats

  • This quiz has been taken 15 times
  • The average score is 4 of 15

Answer Stats

HintAnswer% Correct
"Don't you know I'm still standing better than I ever did
Looking like a true survivor, feeling like a little kid"
I'm still standing, Elton John
92%
"Mama, oooh, I don't want to die,
I sometimes wish I'd never been born at all."
Bohemian Rhapsody, Queen
83%
"With a taste of your lips, I'm on a ride
You're toxic, I'm slippin' under"
Toxic, Britney Spears
83%
"I need a hero
I'm holding out for a hero 'til the end of the night"
Holding out for a Hero, Boonie Tyler
42%
"Trouble, troublemaker, yeah, that's your middle name (oh-oh)
I know you're no good, but you're stuck in my brain
And I wanna know"
Troublemaker, Olly Murs
33%
"My boot scootin' baby is drivin' me crazy
My obsession from a Western, my dance floor date
My rodeo Romeo, a cowboy god from head to toe
Wanna make you mine, better get in line
5-6-7-8"
5-6-7-8, Steps
25%
"I've got a fever, so can you check?
Hand on my forehead, kiss my neck"
Fever, Dua Lipa ft. Angèle
25%
"Spy on me baby use satellite
Infrared to see me move through the night
Aim gonna fire shoot me right
I'm gonna like the way you fight"
Sexbomb, Tom Jones
17%
"I'd climb every mountain and swim every ocean
Just to be with you and fix what I've broken
Oh, 'cause I need you to see"
You are the reason,Calum Scott
17%
"So I can go until I blow up, eh
And I can drink until I throw up, eh
And I don't ever ever want to grow up, eh
I wanna keep it going"
Hangover, Taio Cruz
8%
"I just can't cope with all this disease
It's pushing down, down, down
Down on me"
Social Debris, Alice Cooper
8%
"Staring at my ceilin'
Convince myself it's nothin'
Pray to God to fix me
Feeling guilty havin' thoughts at 12 years old"
First Hello, Grant Knoche
0%
"I'm going out tonight, I'm feelin' all right
Gonna let it all hang out
Wanna make some noise -- really raise my voice
Yeah, I wanna scream and shout"
Man! I feel like a Woman, Shania Twain
0%
"When I wake up in the morning gets me outta bed
Keeps me runnin' skippin' jumpin' like a little kid
You know sometimes I can hardly keep it inside
It overtakes me, overwhelms me, and I'm mortified"
Unspeakable Joy, Kim English
0%
"So let's go
Roll your bumper and whine slow
Show them you can shine, glow
'Cause you got the light now
You got the light now, ow!"
Woman Up, Meghan Trainor
0%

Score Distribution

Percentile by Number Answered

Percent of People with Each Score

Your Score History

You have not taken this quiz